00696nam a2200229 a 4500001001300000003000900013005001700022008004100039020002300080082001400103100002100117245004600138260004000184300000900224500003500233650001800268700002100286902000800307942000700315952012700322999001700449nice12345678IN_TiNIC20260116014801.0100106s2010 dela grp 000 0 eng  a8170175046 c39000a954bMAS1 aMassey, Reginaln aSouth Asia Definitions and Clarifications aDelhi bAbhinav Publications c2010 a263p aincludes index and biblioraphy aIndia-History1 aMassey, Reginaln bSRS cBK 001040708StackRoom-aHMIbHMId2010-01-06g390.00l2o954 MAS1p023026r2018-10-08s2018-10-01v390.00w2010-01-06yBK c16950d16950